000 00456nam a2200193Ia 4500
008 210210b1907 xxu||||| |||| 00| 0 eng d
041 _aeng
082 _a829/1101
100 _aTHACKERAY (W M)
245 _aRoundabout papers and desis duval
260 _aLondon
_bMacmillan & Co. Ltd.
_c1907
650 _aRoundabout
650 _apapers
650 _aduval
650 _adesis
650 _aand
690 _aEnglish Fiction
906 _a017716
999 _c137700
_d137700